| 000 | 01288nam0a22003251 4500 | ||
|---|---|---|---|
| 001 | rc\4223086 | ||
| 005 | 20130416110048.7 | ||
| 021 |
_aRU _b[63-37318] |
||
| 035 | _a(NLR Aleph) 008460084 | ||
| 090 |
_a7863783 _c7863783 |
||
| 100 | _a20130416d1963 |||y0rusy50 ca | ||
| 101 | 1 |
_arus _cfre |
|
| 102 | _aRU | ||
| 105 | _aa z ||||| | ||
| 200 | 1 |
_aТелевидение?.. Это очень просто! _fПер. с фр. К.Н. Гусниной и Ю.С. Гуснина _gПод общ. ред. А.Я. Брейтбарта |
|
| 210 |
_aМосква _aЛенинград _cГосэнергоиздат _d1963 |
||
| 215 |
_a136 с. _cил. _d26 |
||
| 225 | 1 |
_aМассовая радиобиблиотека _vВып. 456 |
|
| 300 | _aНа обороте тит. л.: E. Aisberg. La télévision?.. Mais c'est très simple! Société des éd. radio, 1960 | ||
| 517 | 0 | _aLa télévision?.. Mais c'est très simple! | |
| 606 |
_aТелевидение _2psbo |
||
| 700 | 1 |
_aАйсберг _bЕ. Д. _gЕвгений Давыдович |
|
| 702 | 1 |
_aГуснин _bЮ. С. _4730 |
|
| 702 | 1 |
_aГуснина _bК. Н. _4730 |
|
| 702 | 1 |
_aБрейтбарт _bА. Я. _4340 |
|
| 801 | 0 |
_aRU _bNLR _gpsbo |
|
| 801 | 1 |
_aRU _bELAR _2rusmarc |
|
| 852 |
_aNLR _j63-7/1846 |
||
| 942 | _cBOOK | ||
| 980 | _aNB | ||